<?xml version="1.0" encoding="UTF-8"?><?xml-stylesheet type="text/xsl" href="static/style.xsl"?><OAI-PMH xmlns="http://www.openarchives.org/OAI/2.0/" xmlns:xsi="http://www.w3.org/2001/XMLSchema-instance" xsi:schemaLocation="http://www.openarchives.org/OAI/2.0/ http://www.openarchives.org/OAI/2.0/OAI-PMH.xsd"><responseDate>2026-06-02T21:36:08Z</responseDate><request verb="GetRecord" identifier="oai:riuma.uma.es:10630/23906" metadataPrefix="marc">https://riuma.uma.es/rest/oai/request</request><GetRecord><record><header><identifier>oai:riuma.uma.es:10630/23906</identifier><datestamp>2026-02-03T11:30:40Z</datestamp><setSpec>com_10630_2254</setSpec><setSpec>col_10630_37953</setSpec></header><metadata><record xmlns="http://www.loc.gov/MARC21/slim" xmlns:dcterms="http://purl.org/dc/terms/" xmlns:doc="http://www.lyncode.com/xoai" xmlns:xsi="http://www.w3.org/2001/XMLSchema-instance" xsi:schemaLocation="http://www.loc.gov/MARC21/slim http://www.loc.gov/standards/marcxml/schema/MARC21slim.xsd">
   <leader>00925njm 22002777a 4500</leader>
   <datafield ind2=" " ind1=" " tag="042">
      <subfield code="a">dc</subfield>
   </datafield>
   <datafield ind2=" " ind1=" " tag="720">
      <subfield code="a">Orejón-Sánchez, Rami David</subfield>
      <subfield code="e">author</subfield>
   </datafield>
   <datafield ind2=" " ind1=" " tag="720">
      <subfield code="a">Crespo García, David</subfield>
      <subfield code="e">author</subfield>
   </datafield>
   <datafield ind2=" " ind1=" " tag="720">
      <subfield code="a">Andrés-Díaz, José Ramón</subfield>
      <subfield code="e">author</subfield>
   </datafield>
   <datafield ind2=" " ind1=" " tag="720">
      <subfield code="a">Gago-Calderón, Alfonso</subfield>
      <subfield code="e">author</subfield>
   </datafield>
   <datafield ind2=" " ind1=" " tag="260">
      <subfield code="c">2022</subfield>
   </datafield>
   <datafield ind2=" " ind1=" " tag="520">
      <subfield code="a">The evolution of the Spanish cities towards their digital transformation, integration of the Internet of Things (IoT), and improvement of social cohesion have been promoted by the government. However, this evolution has not yet been evaluated, and this assessment is considerably relevant as more than 200 M€ has been spent from the European Regional Development Fund (ERDF) through five calls divided into two national plans (2014–2020). In this evaluation, the projects of 61 beneficiary local entities have been analysed. The lines of action executed have been identified and compared, using standardised indicators, with the actions conducted in the European metropolis that are smart city references. The actions planned in the last call (Smart Territories National Plan) closely resemble the philosophy of the latest generation paradigm of smart cities (holistic approach and specialisation in topics such as tourism or intelligent buildings) from the initial point where the areas of technology, software, and governance were focused. This work offers a precise picture of the priorities and lines of the progress of smart cities at each period of the last decade and helps technicians and investigators evaluate executed projects and design new lines of development.</subfield>
   </datafield>
   <datafield ind1="8" ind2=" " tag="024">
      <subfield code="a">Orejón-Sánchez, R. D., Crespo-García, D., Andrés-Díaz, J.R. &amp; Gago-Calderón, A. (2022). Smart cities´ development in Spain: comparison of technical and social indicators with reference to European cities. Sustainable Cities and Society. (2022), 103828. DOI: https://doi.org/10.1016/j.scs.2022.103828</subfield>
   </datafield>
   <datafield ind1="8" ind2=" " tag="024">
      <subfield code="a">https://hdl.handle.net/10630/23906</subfield>
   </datafield>
   <datafield ind1="8" ind2=" " tag="024">
      <subfield code="a">https://doi.org/10.1016/j.scs.2022.103828</subfield>
   </datafield>
   <datafield tag="653" ind2=" " ind1=" ">
      <subfield code="a">Ciudades - Efectos de las innovaciones tecnológicas</subfield>
   </datafield>
   <datafield ind2="0" ind1="0" tag="245">
      <subfield code="a">Smart cities’ development in Spain: a comparison of technical and social indicators with reference to european cities</subfield>
   </datafield>
</record>
</metadata></record></GetRecord></OAI-PMH>